More Badly Misspelled Signs Quiz Stats

 Plays Quiz Updated Mar 1, 2016

Challenge
Share
Tweet
Score 0/30 Timer 07:00
0 Plays Today
% Correct
Emergency
98.9%
Florida
97.7%
Second
97.7%
Improvement
97.2%
Mistakes
97.1%
Interviews
96.4%
Contradiction
96.2%
Everything
96.2%
Unsuitable
95.1%
Prescriptions
95.1%
Scholarship
93.2%
Hospital
93%
Create
92.4%
Continuously
92.2%
Towed
91.8%
% Correct
Receive
91%
Entirely
90%
Freshly
89.7%
Neighborhood
89.7%
Parent
89.6%
Children's
88.7%
Clearance
88.4%
Congratulations
87.5%
You're
87.4%
Opportunity
85.5%
Business
83.9%
Ceiling
83.2%
Independence
81.7%
Drunkenness
79.2%
Your
77.3%

You're not logged in!

Compare scores with friends on all Sporcle quizzes.
Join for Free
OR
Log In

You Might Also Like...

Show Comments

Extras

Top Quizzes Today


Score Distribution

Your Account Isn't Verified!

In order to create a playlist on Sporcle, you need to verify the email address you used during registration. Go to your Sporcle Settings to finish the process.

Report this User

Report this user for behavior that violates our Community Guidelines.

Details: